| 000 | 00644nam a2200253Ia 4500 | ||
|---|---|---|---|
| 008 | 160319s9999 xx 000 0 und d | ||
| 020 | _a971630000X | ||
| 050 | _a920 | ||
| 050 | _bV468j 1992 | ||
| 100 | _aVentura, Sylvia Mendez | ||
| 245 | _aJose Rizal / | ||
| 245 | _cSylvia Mendez Ventura. | ||
| 260 | _aManila : | ||
| 260 | _bTahanan Books for Young Readers | ||
| 260 | _c1992 | ||
| 300 | _a31 pages : | ||
| 300 | _billustrations : | ||
| 300 | _c25 cm. | ||
| 440 | _aGreat lives. | ||
| 650 | _aHeroes -- Philippines -- | ||
| 650 | _aRizal y Alonso, Jose. | ||
| 650 | _aRizal, Jose, 1861-1896. | ||
| 650 | _xBiography. | ||
| 999 |
_c292236 _d292236 |
||